Premières phrases de romans / 2 - Statistiques

Statistiques générales
  • Ce quiz a été pris 103 fois
  • Le résultat moyen est 5 sur 20
Statistiques - réponses
Incipit Livre / Auteur % Correct
«Il y a aujourd'hui trois cent quarante-huit ans six mois et dix-neuf jours, que les Parisiens s'éveillèrent au bruit de toutes les cloches sonnant à grande volée dans la triple enceinte de la Cité, de l'Université et de la Ville.» "Notre-Dame de Paris" Victor Hugo
54%
«Au commencement était le Verbe et le Verbe était auprès de Dieu, et le Verbe était Dieu.» "Le nom de la rose" Umberto Eco
50%
«Le 24 février 1815, la vigie de Notre-Dame de la Garde signala le trois-mâts le Pharaon, venant de Smyrne, Trieste et Naples.» "Le comte de Monte-Cristo" Alexandre Dumas
41%
«Il parut alors une beauté à la cour, qui attira les yeux de tout le monde, et l’on doit croire que c’était une beauté parfaite, puisqu’elle donna de l’admiration dans un lieu où l’on était si accoutumé à voir de belles personnes.» "La princesse de Clèves" Madame de La Fayette
40%
«Mrs Dalloway dit qu’elle irait acheter les fleurs elle-même.» "Mrs Dalloway" Virginia Woolf
39%
«Bien des années plus tard, face au peloton d’exécution, le colonel Aureliano Buendia devait se rappeler ce lointain après-midi au cours duquel son père l’emmena faire connaissance avec la glace.» "Cent ans de solitude" Gabriel Garcia Marquez
34%
«Ça a débuté comme ça.» "Voyage au bout de la nuit" Louis-Ferdinand Céline
30%
«Dans un village de la Manche dont je ne veux pas me rappeler le nom, vivait, il n’y a pas longtemps, un gentilhomme de ceux qui ont lance au râtelier, bouclier antique, maigre roussin et lévrier chasseur.» "Don Quichotte" Miguel De Cervantes
27%
«Toutes les familles heureuses se ressemblent, chaque famille malheureuse l’est à sa façon.» "Anna Karénine" Léon Tolstoï
26%
«Le 15 mai 1796, le général Bonaparte faisait son entrée à Milan à la tête de cette jeune armée qui venait de passer le pont de Lodi, et d'apprendre au monde que César et Alexandre avaient un successeur» "La chartreuse de Parme" Stendhal
22%
«C’est une vérité universellement reconnue qu’un célibataire pourvu d’une belle fortune doit avoir envie de se marier.» "Orgueil et préjugés" Jane Austen
21%
«Dans le coin fenêtre d’un compartiment fumeurs de première classe, le juge Wargrave, retraité depuis peu, tirait sur son cigare en parcourant avec intérêt les pages politiques du Times.» "Dix petits nègres" Agatha Christie
17%
«C’était une journée d’avril froide et claire» "1984" George Orwell
12%
«Mon cher Marc, je suis descendu ce matin chez mon médecin Hermogène, qui vient de rentrer à la Villa après un assez long voyage en Asie.» "Mémoires d'Hadrien" Marguerite Yourcenar
12%
«Quand j’étais plus jeune, ce qui veut dire plus vulnérable, mon père me donna un conseil que je ne cesse de retourner dans mon esprit: “Quand tu auras envie de critiquer quelqu’un, songe que tout le monde n’a pas joui des mêmes avantages que toi.”» "Gatsby le Magnifique" Francis Scott Fitzgerald
10%
«Quand il fut de notoriété publique que l'immense écrivain Prétextat Tach mourrait dans les deux mois, des journalistes du monde entier sollicitèrent des entretiens privés avec l'octogénaire.» Hygiène de l'assassin" Amélie Nothomb
10%
«Je hais les voyages et les explorateurs.» "Tristes tropiques" Claude Lévi-Strauss
9%
«Il était étendu à plat ventre sur les aiguilles de pin, le menton sur ses bras croisés et, très haut au-dessus de sa tête, le vent soufflait dans la cime des arbres.» "Pour qui sonne le glas" Ernest Hemingway
7%
«À travers la barrière, entre les vrilles des fleurs, je pouvais les voir frapper.» "Le bruit et la fureur" William Faulkner
2%
«"Nunc et in hora mortis nostroe. Amen". La récitation quotidienne du rosaire était finie» "Le guépard" Giuseppe Tomasi Di Lampedusa
2%
Aucun quiz correspondant
Distribution des résultats
% des personnes avec chaque résultat
Percentile par nombre de réponses
Votre historique - résultats
Vous n’avez pas pris ce quiz